| 000 | 00000nas##2200000za#4500 |
| 001 | 9.500462 |
| 003 | CaOODSP |
| 005 | 20240213112804 |
| 007 | cr ||||||||||| |
| 008 | 150406c2003||||xxc|| p o||||f| |0fre|d |
| 040 | |aCaOODSP|bfre |
| 041 | |aeng |
| 041 | |afre |
| 043 | |an-cn--- |
| 086 | 1 |aRv44-1-PDF |
| 110 | 2 |aAgence du revenu du Canada. |
| 245 | 10|aRecueil de statistiques sur la TPS/TVH / |h[ressource électronique]|c[Publié par] Secteur de services à la clientèle, Division de la statistique. |
| 260 | |aOttawa - Ontario : |bAgence du revenu du Canada |
| 310 | |aAnnuel |
| 362 | 1 |a2003- |
| 546 | |aBilingue |
| 691 | 07|aImpôt|2gcpds |
| 691 | 07|aStatistiques|2gcpds |
| 691 | 07|aTaxe sur les produits et services|2gcpds |
| 691 | 07|aTaxe de vente harmonisée|2gcpds |
| 791 | |tCompendium of GST/HST statistics / |eeng|w(CaOODSP)9.500461 |